Ont-ils déjà joué avec... Jet Li ? - Statistiques

Statistiques générales
  • Ce quiz a été pris 6 fois
  • Le résultat moyen est 3 sur 10
Answers on the Grid
Answers color-coded by a green-red scale on the quiz's grid according to % correct below.
Jackie Chan
Jean-Claude Van Damme
Alicia Vikander
Sean Connery
Albert Finney
Béatrice Dalle
David Bowie
Edward Norton
Kim Basinger
Bo Derek
Samuel Lee Jackson
Mads Mikkelsen
Michelle Yeoh
Bridget Fonda
Jason Statham
Aaliyah
Morgan Freeman
Joe Pesci
Terry Crews
Mickey Rourke
 
Statistiques - réponses
Réponse % Correct
Jason Statham
60%
Bridget Fonda
40%
Michelle Yeoh
40%
Terry Crews
40%
Aaliyah
20%
Jackie Chan
20%
Jean-Claude Van Damme
20%
Mickey Rourke
20%
Joe Pesci
0%
Morgan Freeman
0%
Aucun quiz correspondant
Distribution des résultats
% des personnes avec chaque résultat
Percentile par nombre de réponses
Votre historique - résultats
Vous n’avez pas pris ce quiz